[Event "Yerevan op 2nd"]
[Site "Yerevan"]
[Date "2017.09.27"]
[Round "9"]
[White "Khachatryan, David S"]
[Black "Petrosyants, Argishti"]
[Result "1-0"]
[WhiteElo "1916"]
[BlackElo "1667"]
[PlyCount "103"]
[EventDate "2017.09.19"]
[EventType "swiss"]
[EventRounds "9"]
[EventCountry "ARM"]
[SourceTitle "EXT 2018"]
[Source "ChessBase"]
[SourceDate "2017.10.13"]
[SourceVersion "1"]
[SourceVersionDate "2017.10.13"]
[SourceQuality "1"]

1. d4 d5 2. c4 e6 3. Nc3 Nf6 4. g3 Be7 5. Bg2 0-0 6. Nf3 dxc4 7. Qa4 a6 8. Qxc4 b5 9. Qd3 Bb7 10. a3 Nbd7 11. 0-0 c5 12. Rd1 Qb6 13. h3 Rfd8 14. Be3 Rac8 15. Rac1 Bxf3 16. Bxf3 Ne5 17. dxe5 Rxd3 18. Rxd3 Ne8 19. Ne4 Qb8 20. Nxc5 Qxe5 21. b4 Nd6 22. Rcd1 Nc4 23. Bb7 Re8 24. Bxa6 Nb2 25. Bd4 Qxe2 26. Bxb2 Qxb2 27. Bxb5 Rb8 28. Bc6 Rc8 29. Bb7 Rxc5 30. Rd8+ Bf8 31. bxc5 Qxb7 32. Re8 Qc6 33. Rdd8 Qxc5 34. Rxf8+ Qxf8 35. Rxf8+ Kxf8 36. Kg2 Ke7 37. Kf3 Kd6 38. Ke4 f5+ 39. Kd4 e5+ 40. Kc4 Kc6 41. a4 e4 42. Kd4 Kb6 43. Ke5 g6 44. g4 fxg4 45. hxg4 Ka5 46. Kxe4 Kxa4 47. g5 Kb4 48. Ke5 Kc5 49. Kf6 Kd6 50. Kg7 Ke6 51. Kxh7 Kf5 52. f4 1-0

[Event "Yerevan op 2nd"]
[Site "Yerevan"]
[Date "2017.09.25"]
[Round "7"]
[White "Khachatryan, David S"]
[Black "Hakobyan, Hovhannes H"]
[Result "0-1"]
[WhiteElo "1916"]
[BlackElo "2242"]
[PlyCount "92"]
[EventDate "2017.09.19"]
[EventType "swiss"]
[EventRounds "9"]
[EventCountry "ARM"]
[SourceTitle "EXT 2018"]
[Source "ChessBase"]
[SourceDate "2017.10.13"]
[SourceVersion "1"]
[SourceVersionDate "2017.10.13"]
[SourceQuality "1"]

1. e4 e6 2. d4 d5 3. Nd2 c5 4. exd5 Qxd5 5. Ngf3 cxd4 6. Bc4 Qd8 7. Nb3 Nc6 8. Nbxd4 Nf6 9. 0-0 Nxd4 10. Nxd4 Bc5 11. Nb5 a6 12. Qxd8+ Kxd8 13. Rd1+ Ke7 14. Nc3 b5 15. Be2 Bb7 16. a3 Rhd8 17. Bg5 h6 18. Bh4 Bd4 19. Rd3 Rac8 20. Rad1 e5 21. Bxf6+ gxf6 22. Bg4 Rc4 23. Be2 Rg8 24. Bf3 Bxf3 25. Rxf3 Ke6 26. a4 bxa4 27. Ne4 f5 28. Rxf5 Rxc2 29. Rf6+ Kd5 30. Nc3+ Kc4 31. Nxa4 Kb4 32. Ra1 Rgc8 33. Nc3 Rxb2 34. Nd5+ Kb3 35. Rf3+ Kc4 36. Ne3+ Kb5 37. Rxf7 Rb8 38. Rc1 a5 39. Nc4 Rb3 40. g3 a4 41. Rd7 Kb4 42. Nd2 Rb2 43. Nc4 a3 44. Ne3 Bxe3 45. fxe3 a2 46. Rdd1 Ka3 0-1

[Event "Yerevan op 1st"]
[Site "Yerevan"]
[Date "2016.10.10"]
[Round "9"]
[White "Khachatryan, David S"]
[Black "Santryan, Davit"]
[Result "1/2-1/2"]
[WhiteElo "1796"]
[BlackElo "1929"]
[PlyCount "65"]
[EventDate "2016.10.02"]
[EventType "swiss"]
[EventRounds "9"]
[EventCountry "ARM"]
[SourceTitle "EXT 2017"]
[Source "ChessBase"]
[SourceDate "2016.10.25"]
[SourceVersion "1"]
[SourceVersionDate "2016.10.25"]
[SourceQuality "1"]

1. e4 d6 2. d4 Nf6 3. Nc3 g6 4. f4 Bg7 5. Nf3 0-0 6. e5 dxe5 7. dxe5 Qxd1+ 8. Kxd1 Nh5 9. Ke1 Nc6 10. Be3 Bg4 11. Kf2 f6 12. Bc4+ Kh8 13. exf6 Bxf6 14. Nd5 Bxf3 15. gxf3 Bh4+ 16. Kg2 Rac8 17. Kh3 Bf6 18. Rhe1 Bxb2 19. Rab1 Bg7 20. Bd2 e5 21. Rxb7 Nd4 22. Kg2 Nxf4+ 23. Nxf4 exf4 24. Bd3 Nf5 25. Bxf5 Rxf5 26. Rxa7 Rc5 27. Bxf4 Rxc2+ 28. Kh1 Rc3 29. Rxc7 R8xc7 30. Re8+ Bf8 31. Bxc7 Rxc7 32. Rxf8+ Kg7 33. Ra8 1/2-1/2

[Event "Yerevan op 1st"]
[Site "Yerevan"]
[Date "2016.10.08"]
[Round "7"]
[White "Khachatryan, David S"]
[Black "Hakobyan, Hakob Mik"]
[Result "1/2-1/2"]
[WhiteElo "1796"]
[BlackElo "1973"]
[PlyCount "59"]
[EventDate "2016.10.02"]
[EventType "swiss"]
[EventRounds "9"]
[EventCountry "ARM"]
[SourceTitle "EXT 2017"]
[Source "ChessBase"]
[SourceDate "2016.10.25"]
[SourceVersion "1"]
[SourceVersionDate "2016.10.25"]
[SourceQuality "1"]

1. e4 e5 2. Nf3 Nc6 3. Nc3 Nf6 4. d4 exd4 5. Nxd4 Bb4 6. Nxc6 bxc6 7. Bd3 d5 8. exd5 cxd5 9. 0-0 0-0 10. Bg5 c6 11. Qf3 Qd6 12. Rae1 Rb8 13. Nd1 h6 14. Bxf6 Qxf6 15. Qxf6 gxf6 16. c3 Bd6 17. Re2 f5 18. f4 Kg7 19. b3 a5 20. Nb2 Kf6 21. c4 d4 22. Bc2 c5 23. a4 Bd7 24. Nd3 Rbe8 25. Rfe1 Rxe2 26. Rxe2 Re8 27. Rxe8 Bxe8 28. g3 Bc6 29. Bd1 Be4 30. Be2 1/2-1/2